Statistics for U.S. States that have G in their name

Click here to take the quiz!

General Stats

  • This quiz has been taken 46 times
    (31 since last reset)
  • The average score is 6 of 7

Answer Stats

# of G'sAnswer% Correct
2Georgia
100%
1Washington
100%
1Michigan
89%
1Oregon
89%
1West Virginia
89%
1Virginia
85%
1Wyoming
81%

Score Distribution

Percentile by Number Answered

Percent of People with Each Score

Your Score History

You have not taken this quiz since the last reset